LIBRARY & INFORMATION CENTRE, KCAET, TAVANUR

ONLINE PUBLIC ACCESS CATALOGUE (OPAC)

An Introduction to Nanotechnology (Record no. 14375)

MARC details
000 -LEADER
fixed length control field 00439nam a22001697a 4500
003 - CONTROL NUMBER IDENTIFIER
control field OSt
008 - FIXED-LENGTH DATA ELEMENTS--GENERAL INFORMATION
fixed length control field 210913b ||||| |||| 00| 0 eng d
020 ## - INTERNATIONAL STANDARD BOOK NUMBER
ISBN 9789381450413
082 ## - DEWEY DECIMAL CLASSIFICATION NUMBER
Classification number 620.43
Item number RAT/AN
100 ## - MAIN ENTRY--AUTHOR NAME
Personal name Rathinasamy,A
100 ## - MAIN ENTRY--AUTHOR NAME
Personal name Parameswari,C
100 ## - MAIN ENTRY--AUTHOR NAME
Personal name Ponnuswami,V
245 ## - TITLE STATEMENT
Title An Introduction to Nanotechnology
260 ## - PUBLICATION, DISTRIBUTION, ETC. (IMPRINT)
Place of publication New Delhi
Name of publisher New India Publishing Agency
Year of publication 2012
300 ## - PHYSICAL DESCRIPTION
Number of Pages 349
942 ## - ADDED ENTRY ELEMENTS (KOHA)
Koha item type Books
Holdings
Withdrawn status Lost status Damaged status Collection code Home library Current library Shelving location Date acquired Source of acquisition Cost, normal purchase price Full call number Accession Number Koha item type
        KAUAET KAUAET General Stacks 25/06/2016 Scientific Book Centre Kochi 990.00 620.43 RAT/IN 23953 Books
        KAUAET KAUAET NAHEP-CAAST Project 07/09/2021   495.00 620.43 RAT/AN 25998 Books
free website counter